000 01571cam a2200409 i 4500
001 zz2002926080
003 NUKAT
005 20260329211055.0
008 021211s1945 pl a g |000 0 pol c
035 _a(OCoLC)836746644
035 _a(NUKAT)zz2002926080
040 _aKR 7/EG
_bpol
_erda
_cKR 7/EG
_dKR 7/TS
_dKR 7/CPs
_dKR 119/MW
_dPOZN 004/KM
_dOLSZT 008/AL
100 1 _aKwiatkowski, Eugeniusz
_d(1888-1974).
_eAutor
_939176
245 1 0 _aBudujemy nową Polskę nad Bałtykiem /
_cEugeniusz Kwiatkowski.
260 _aWarszawa :
_bPaństwowy Instytut Wydawniczy,
_c1945.
300 _a53, [2] strony, [1] karta tablic złożona ;
_c21 cm.
336 _aTekst
_btxt
_2rdacontent
337 _aBez urządzenia pośredniczącego
_bn
_2rdamedia
338 _aWolumin
_bnc
_2rdacarrier
380 _aKsiążki
530 _aDostępny również w wersji elektronicznej.
648 7 _a1901-2000
_2DBN
_934996
648 7 _a1945-1989
_2DBN
_936043
648 7 _a1989-2000
_2DBN
_936156
648 7 _a2001-
_2DBN
_936393
650 7 _aGospodarka
_2DBN
_935937
650 7 _aPolityka morska
_2DBN
_938413
650 7 _aPolityka morska
_zPolska
_y20 w.
_2kaba
_939177
651 7 _aPolska
_2DBN
_935076
651 7 _aPolska
_xsytuacja gospodarcza
_y1945-.
_2kaba
_939178
658 _aBezpieczeństwo i wojskowość
658 _aGospodarka, ekonomia, finanse
658 _aPolityka, politologia, administracja publiczna
710 2 _aPaństwowy Instytut Wydawniczy.
_eWydawca
_4pbl
_94281
856 4 1 _uhttps://www.bibliotekacyfrowa.eu/publication/62074
942 _2ddc
_cBK_NM
999 _c27335
_d27335